| 000 | 00596nam a22002177a 4500 | ||
|---|---|---|---|
| 003 | OSt | ||
| 005 | 20140310182810.0 | ||
| 008 | 130218t xxu||||| |||| 00| 0 eng d | ||
| 020 | _a0943497469 | ||
| 050 |
_aBJ 1601 _b.M864 2003 |
||
| 082 |
_aM 248.8 _bM82 2003 |
||
| 245 |
_aThe man in the mirror _bsolving the 24 problems men face _cMorley, Patrick M. |
||
| 250 | _a1st ed. | ||
| 260 |
_aBrentwood, Tenn _bWolgemuth & Hyatt _cc2003 |
||
| 300 |
_a309 p. _c24 cm. _bill. |
||
| 521 | _acollege students | ||
| 526 | _c1210L-1700L | ||
| 541 | _j1 | ||
| 562 | _e1 | ||
| 942 |
_2lcc _cBK _kM |
||
| 999 |
_c16159 _d16159 |
||